Statistics for What country borders what

Click here to take the quiz!

General Stats

  • This quiz has been taken 16 times
  • The average score is 7 of 7

Answer Stats

QuestionAnswer% Correct
what country borders GermanyFrance
100%
What country borders pakistanindia
100%
What country borders chinamongolia
100%
what country borders Icelandnone
100%
What country borders uzebkistantajikistan
94%
what country borders Zairerepublic of the congo
81%
what country borders nepalTibet
75%

Score Distribution

Percentile by Number Answered

Percent of People with Each Score

Your Score History

You have not taken this quiz